| 000 | 00528nam a2200157Ia 4500 | ||
|---|---|---|---|
| 008 | 220214s9999 xx 000 0 und d | ||
| 022 | _a0032-0811 | ||
| 245 | 0 | _aPLANT DISEASE REPORTER | |
| 246 | _aPlant Disease | ||
| 260 |
_bAmerican Phytopathological Society, Minnesota _aUSA |
||
| 310 | _aM | ||
| 500 | _aEnding Volume & Year: 63, 1979 | ||
| 500 | _aMissing Volume: 41(2-11);42(8);43-52;54(1-6);56(1-5);57(1-7);58(12);59(1-6);60(1-7);61;62(3-4,10-11);63(1-5) | ||
| 500 | _aStarting Volume & Year: 41, 1956 | ||
| 942 | _cBJ | ||
| 999 |
_c12949 _d12949 |
||